Ejercicios de derecho penal (y derecho procesal penal) : por crónicas periodísticas y jurisprudencia. parte general /
Guardado en:
| Autor Principal: | |
|---|---|
| Otros Autores: | |
| Formato: | Libro |
| Idioma: | Spanish |
| Publicado: |
Buenos Aires :
Depalma,
1992.
|
| Edición: | 1a. ed. |
| Materias: | |
| Etiquetas: |
Agregar Etiqueta
Sin Etiquetas, Sea el primero en etiquetar este registro!
|
| LEADER | 00610nam a22001695a 4500 | ||
|---|---|---|---|
| 001 | DER.der013848 | ||
| 008 | 190610s1992####ag############000#0#spa#d | ||
| 005 | 20250717150153.0 | ||
| 245 | 1 | 0 | |a Ejercicios de derecho penal (y derecho procesal penal) : |b por crónicas periodísticas y jurisprudencia. |p parte general / |c Carlos Alberto Elbert y Hernán Víctor Gullco. |
| 250 | |a 1a. ed. | ||
| 260 | |a Buenos Aires : |b Depalma, |c 1992. | ||
| 300 | |a 505 p. | ||
| 020 | |a 950140627x | ||
| 100 | 1 | |a Elbert, Carlos Alberto. | |
| 700 | 1 | |a Gullco, Hernán Víctor. | |
| 650 | 7 | |a DERECHO PENAL | |
| 859 | |a DERECHO |b BIB. DERECHO |h 345 |i ELB |p 008936 | ||
